BIBLIOTECA

SENCICO

Fundamentos del diseño / (Registro nro. 252)

Detalles MARC
000 -LEADER
fixed length control field 01079nam a2200241Ia 4500
003 - CONTROL NUMBER IDENTIFIER
control field PE SENCICO BE
005 - DATE AND TIME OF LATEST TRANSACTION
control field 20251020182431.0
008 - FIXED-LENGTH DATA ELEMENTS--GENERAL INFORMATION
fixed length control field 200515s9999 xx 000 0 und d
020 ## - INTERNATIONAL STANDARD BOOK NUMBER
International Standard Book Number 968-18-3322-8
040 ## - CATALOGING SOURCE
Original cataloging agency PE SENCICO BE
Transcribing agency PE SENCICO BE
041 ## - LANGUAGE CODE
Language code of text/sound track or separate title spa
082 ## - DEWEY DECIMAL CLASSIFICATION NUMBER
Classification number 745.4
Item number G48
100 1# - MAIN ENTRY--PERSONAL NAME
Personal name Gillam Scott, Robert
9 (RLIN) 2584
Relator term autor
245 10 - TITLE STATEMENT
Title Fundamentos del diseño /
Statement of responsibility, etc. Robert Gillam Scott
260 ## - PUBLICATION, DISTRIBUTION, ETC.
Place of publication, distribution, etc. México, D.F. :
Name of publisher, distributor, etc. Limusa ;
-- Noriega ;
Date of publication, distribution, etc. 2002
300 ## - PHYSICAL DESCRIPTION
Extent 194 p. :
Other physical details tbl., graf. ;
Dimensions 25 cm.
505 0# - FORMATTED CONTENTS NOTE
Formatted contents note Introducción: que es el diseño -- El contraste: sostén de la forma -- Organización de la figura -- Movimiento y equilibrio -- Proporción y ritmo -- Color: Control de pigmento y de tono -- La dinámica de color -- Relaciones de color -- Profundidad e ilusión plástica -- La organización tridimensional -- Luz y movimiento -- Conclusión: la unidad orgánica en el diseño
650 10 - SUBJECT ADDED ENTRY--TOPICAL TERM
Topical term or geographic name entry element Diseño
9 (RLIN) 965
650 20 - SUBJECT ADDED ENTRY--TOPICAL TERM
Topical term or geographic name entry element Comunicación visual
9 (RLIN) 460
650 20 - SUBJECT ADDED ENTRY--TOPICAL TERM
Topical term or geographic name entry element Color en el diseño
9 (RLIN) 1793
650 20 - SUBJECT ADDED ENTRY--TOPICAL TERM
Topical term or geographic name entry element Percepción visual
9 (RLIN) 89
942 ## - ADDED ENTRY ELEMENTS (KOHA)
Koha item type Libros
Source of classification or shelving scheme Dewey Decimal Classification
Existencias
Fecha de la última vez que lo usaron Número de ingreso o de inventario Pago total Signatura topográfica completa Código de barras Precio efectivo desde Tipo de documento Estado perdido Sistema de clasificación Estado dañado No es para préstamo Retirado Ubicación permanente Ubicación actual Fecha de adquisición
15/05/2020 13864   745.4/G48 BibLima24100004 15/05/2020 Libros   Dewey Decimal Classification       Biblioteca Central Lima Biblioteca Central Lima 15/05/2020